Statistics for Best active NBA players with no championships

Click here to take the quiz!

General Stats

  • This quiz has been taken 68 times
    (58 since last reset)
  • The average score is 27 of 50

Answer Stats

Player% Correct
James Harden
94%
Chris Paul
83%
Joel Embiid
80%
Nikola Jokic
80%
Jayson Tatum
76%
Damian Lillard
74%
Jimmy Butler
74%
Luka Doncic
74%
Paul George
74%
Trae Young
74%
Devin Booker
72%
Dejounte Murray
69%
Jamal Murray
69%
Jaylen Brown
69%
Karl-Anthony Towns
63%
LaMelo Ball
61%
Rudy Gobert
61%
Donovan Mitchell
59%
Ja Morant
59%
De'Aaron Fox
57%
DeMar DeRozan
57%
Lonzo Ball
57%
Bam Adebayo
56%
Zion Williamson
56%
Bradley Beal
54%
Zach Lavine
54%
DeAndre Ayton
52%
Anfernee Simons
50%
Anthony Edwards
50%
Ben Simmons
50%
Brandon Ingram
50%
C.J. McCollum
50%
Miles Bridges
48%
D'Angelo Russell
46%
Shai Gilgeous-Alexander
46%
Tyler Herro
44%
Tyrese Haliburton
44%
Cade Cunningham
37%
Darius Garland
37%
Tyrese Maxey
37%
Jarrett Allen
35%
Clint Capela
31%
Jonas Valanciunas
30%
R.J. Barrett
30%
Christian Wood
28%
Evan Mobley
28%
Jordan Poole
28%
Andrew Wiggins
24%
Collin Sexton
22%
Jonathan Isaac
2%

Score Distribution

Percentile by Number Answered

Percent of People with Each Score

Your Score History

You have not taken this quiz since the last reset